Click para Traducir - Francés - Estadísticas

Estadísticas generales
  • Esta prueba ha sido intentada 4.707 veces
  • La puntuación promedio es 16 de 20
Estadísticas de respuestas
Hint Respuesta % Correcto
Agua Eau
92%
Libro Livre
92%
Miércoles Mercredi
92%
Computador Ordinateur
92%
Pan Pain
92%
Río Rivière
88%
Ciudad Ville
86%
Manzana Pomme
84%
Nube Nuage
83%
Casa Maison
82%
Barco Bateau
81%
Silla Chaise
81%
Caballo Cheval
80%
Pasto Herbe
77%
Amarillo Jaune
75%
Cabeza Tête
75%
Pez Poisson
74%
Auto Voiture
71%
Edificio Bâtiment
66%
Tienda Magasin
60%
No se encontraron pruebas coincidentes
Distribución de puntuación
Porcentaje de gente con cada puntuación
Porcentaje por número respondido
Historial de tus puntuaciones
No has intentado esta prueba.